000 00658nam a2200289Ia 4500
005 20260324121606.0
008 008 260324s9999 xx 000 0 eng d
020 _a9781315773810
037 _aEBOOK
040 _aCRL
040 _beng
040 _cCRL
041 _2eng
041 _aeng
084 _qCRL
100 _aDavid Chandler
_91050152
245 0 _aResilience
245 4 _bThe Governance of Complexity
260 _bTaylor and Francis
260 _c2014
365 _a
365 _b230
856 _uhttp://www.taylorfrancis.com/books/9781315773810
942 _cEBOOK
999 _c1755322
_d1755322